00596nam a2200145Ia 4500008004100000024005600041082001800097100009400115245002400209260002500233600003400258650003300292952010800325999001700433250506s9999 xx 000 0 und d a04B-010-TE, 04B-031-TE, 04B-037-TE & 04B-057-TE a004.16072 MUH aMuhammad Khizar Qaiser, Ahmed Hassan Siddiqui, Farhan Ahmed Siddiqi & Farhan Ahmed Qayyum 0aWireless Local Loop aKarachi:bUIT,c2004 aTelecommunication Engineering aBachelor of Engineering (BE) 001040708PR-TEaUITUbUITUd2022-07-26l0o004.16072 MUHpTE-01r2025-05-06 11:34:19w2025-05-06yPR c28232d28232